[Event "BCF-chT4 2223 (4NCL)"]
[Site "England"]
[Date "2023.02.05"]
[Round "6.83"]
[White "Evans, Daniel"]
[Black "Runwal, Khushi"]
[Result "1-0"]
[WhiteElo "1665"]
[BlackElo "1458"]
[PlyCount "115"]
[EventDate "2022.11.05"]
[EventType "team-swiss"]
[EventRounds "11"]
[EventCountry "ENG"]
[SourceTitle "EXT 2024"]
[Source "ChessBase"]
[SourceDate "2023.10.10"]
[SourceVersion "1"]
[SourceVersionDate "2023.10.10"]
[SourceQuality "1"]
[WhiteTeam "Cambridge University"]
[BlackTeam "She Plays To Win Uni"]
[WhiteTeamCountry "ENG"]
[BlackTeamCountry "ENG"]

1. e4 e5 2. Nc3 Nc6 3. f4 exf4 4. Nf3 d6 5. d4 Qf6 6. Bb5 Bd7 7. Nd5 Qd8 8. Bxf4 Nf6 9. Nxf6+ Qxf6 10. Bg5 Qg6 11. 0-0 f6 12. Bf4 0-0-0 13. Re1 h5 14. d5 Ne5 15. Nxe5 fxe5 16. Bxd7+ Rxd7 17. Bg3 h4 18. Bf2 h3 19. g3 Kb8 20. c4 Rh4 21. Qa4 Rd8 22. Qxa7+ Kc8 23. Qe3 Be7 24. Kh1 Bg5 25. Qe2 Rhh8 26. Rad1 Rdf8 27. c5 dxc5 28. Bxc5 Rd8 29. Qg4+ Kb8 30. Be7 Rde8 31. Qxg5 Qxg5 32. Bxg5 Rh5 33. Be3 g5 34. Rf1 g4 35. Rf7 Rhh8 36. Rdf1 Rhg8 37. R1f6 Kc8 38. a4 Kd8 39. Bc5 Kc8 40. a5 Kb8 41. b4 Rc8 42. b5 Ka8 43. Rf8 Rcxf8 44. Rxf8+ Rxf8 45. Bxf8 Ka7 46. Bc5+ b6 47. axb6+ cxb6 48. Bd6 Kb7 49. Bxe5 Kc8 50. Bd4 Kc7 51. e5 Kd7 52. Bxb6 Ke8 53. Bc5 Kd8 54. b6 Kc8 55. e6 Kb8 56. e7 Ka8 57. e8Q+ Kb7 58. Qd7+ 1-0

[Event "BCF-chT4 2223 (4NCL)"]
[Site "England"]
[Date "2022.11.05"]
[Round "1.23"]
[White "Dannatt, Arthur"]
[Black "Evans, Daniel"]
[Result "1-0"]
[WhiteElo "1582"]
[BlackElo "1638"]
[PlyCount "53"]
[EventDate "2022.11.05"]
[EventType "team-swiss"]
[EventRounds "11"]
[EventCountry "ENG"]
[SourceTitle "EXT 2024"]
[Source "ChessBase"]
[SourceDate "2023.10.10"]
[SourceVersion "1"]
[SourceVersionDate "2023.10.10"]
[SourceQuality "1"]
[WhiteTeam "Anglian Avengers II"]
[BlackTeam "Cambridge University"]
[WhiteTeamCountry "ENG"]
[BlackTeamCountry "ENG"]

1. Nf3 d5 2. d4 Nf6 3. g3 c6 4. Bg2 Bf5 5. 0-0 e6 6. c4 Bd6 7. Nc3 Nbd7 8. Bg5 h6 9. Bxf6 Nxf6 10. Rc1 h5 11. h4 Qb8 12. cxd5 exd5 13. Qd2 Ng4 14. Nh2 Be6 15. Nxg4 hxg4 16. Qg5 Be7 17. Qxg7 Kd7 18. e4 Rh5 19. exd5 cxd5 20. Nxd5 Rxd5 21. Bxd5 Bxd5 22. Qxg4+ Be6 23. Qf3 Kd6 24. d5 Bh3 25. Rfe1 Qg8 26. Qa3+ Kd7 27. Qxe7# 1-0